Self-employment: Influence of Tax Incentives and Income Underreporting
Skúmanie či daňové výhody, ktoré môžu získať samostatne zárobkovo činné osoby v Poľsku, ovplyvňujú rozhodnutie o začatí podnikania. Daňoví poplatníci, ktorí iracionálne rozhodujú o začatí samostatnej zárobkovej činnosti. Dôvodom je to, keď sa zvyšujú výhody samostatnej zárobkovej činnosti, tak pravd...
Salvato in:
| Autore principale: | |
|---|---|
| Natura: | Capitolo di libro |
| Lingua: | inglese |
| Soggetti: | |
| Tags: |
Nessun Tag, puoi essere il primo ad aggiungerne!!
|
MARC
| LEADER | 00000naa a2200000 4500 | ||
|---|---|---|---|
| 001 | 0273354 | ||
| 005 | 20210429120623.4 | ||
| 041 | 0 | |a eng | |
| 044 | |a CZ | ||
| 245 | 1 | 0 | |a Self-employment: Influence of Tax Incentives and Income Underreporting |c Adam Adamczyk |
| 520 | |a Skúmanie či daňové výhody, ktoré môžu získať samostatne zárobkovo činné osoby v Poľsku, ovplyvňujú rozhodnutie o začatí podnikania. Daňoví poplatníci, ktorí iracionálne rozhodujú o začatí samostatnej zárobkovej činnosti. Dôvodom je to, keď sa zvyšujú výhody samostatnej zárobkovej činnosti, tak pravdepodobnosť samostatnej zárobkovej činnosti klesá. Po vyrovnaní údajov o príjmoch samostatne zárobkovo činných osôb s nedostatočne vykazovaným príjmom výsledky analýzy vedúce k opačnému záveru. | ||
| 610 | 2 | 0 | |a zárobky |
| 610 | 2 | 0 | |a dane |
| 610 | 2 | 0 | |a výkazy finančné |
| 610 | 2 | 0 | |a zamestnanie |
| 610 | 2 | 0 | |a Poľsko |
| 610 | 2 | 0 | |a podnikanie |
| 100 | 1 | |a Adamczyk, Adam | |